LIBRARY & INFORMATION CENTRE, KCAET, TAVANUR

ONLINE PUBLIC ACCESS CATALOGUE (OPAC)

Frame work of economics / (Record no. 2140)

MARC details
000 -LEADER
fixed length control field 00465cam a2200193ua 4500
041 ## - LANGUAGE CODE
Language code of text/sound track or separate title eng
082 ## - DEWEY DECIMAL CLASSIFICATION NUMBER
Classification number 330.1
Item number SUB/ FR
100 ## - MAIN ENTRY--AUTHOR NAME
Personal name SubbaRao, B R .
245 ## - TITLE STATEMENT
Title Frame work of economics /
250 ## - EDITION STATEMENT
Edition statement 1 /
260 ## - PUBLICATION, DISTRIBUTION, ETC. (IMPRINT)
Place of publication Madras :
Name of publisher S Viswanathan ,
Year of publication 1958.
300 ## - PHYSICAL DESCRIPTION
Number of Pages 134 ; .
700 1# - ADDED ENTRY--PERSONAL NAME
Personal name Krishnamurthy, G.lX .
942 ## - ADDED ENTRY ELEMENTS (KOHA)
Koha item type Books
Holdings
Withdrawn status Lost status Damaged status Home library Current library Date acquired Cost, normal purchase price Full call number Accession Number Koha item type Public note
Withdrawn     KAUAET Malayalam University 07/04/2012 1.50 330.1 7370 Books Transferred to Malayalam University
free website counter